Winning at Interviews/ (Record no. 172334)

MARC details
000 -LEADER
fixed length control field 00648nam a22002057a 4500
005 - DATE AND TIME OF LATEST TRANSACTION
control field 20200203111020.0
010 ## - LCCN (DPL NO)
LC control number B-731185
020 ## - INTERNATIONAL STANDARD BOOK NUMBER
International Standard Book Number 9789332508019
Terms of availability 199.00
035 ## - SYSTEM CONTROL NUMBER
System control number B-731185
037 ## - SOURCE OF ACQUISITION
Source of stock number/acquisition DBAD/Pub
082 ## - DEWEY DECIMAL CLASSIFICATION NUMBER
Classification number 650.144
100 ## - MAIN ENTRY--PERSONAL NAME
Personal name Thorp, Edger
245 ## - TITLE STATEMENT
Title Winning at Interviews/
Statement of responsibility, etc by Edger Thorp [and] Showick Thorp
260 ## - PUBLICATION, DISTRIBUTION, ETC. (IMPRINT)
Place of publication, distribution, etc New Delhi
Name of publisher, distributor, etc Pearson
Date of publication, distribution, etc 2013
270 ## - ADDRESS
Address 11, Community Centre, Panhchsheel Park
City New Delhi
Postal code 110017
300 ## - PHYSICAL DESCRIPTION
Extent xi, 276p.
Dimensions 20cm (pbk)
700 ## - ADDED ENTRY--PERSONAL NAME
Personal name Thorp, Showick
942 ## - ADDED ENTRY ELEMENTS (KOHA)
Source of classification or shelving scheme Dewey Decimal Classification
Item type English Books
Call number suffix THO
Classification part 650.144
Holdings
Withdrawn status Lost status Not for loan Collection code Home library Current library Date acquired Source of acquisition Cost, normal purchase price Full call number Barcode Copy number Cost, replacement price Koha item type
      Non-fiction Kadipur Kadipur 03/02/2020 Gift/ Eng./13.11.2019 199.00 650.144 THO B-731185 1 199.00 English Books

© Delhi Public Library
Hit Counter
free hit counter